000 00483nam a2200169Ia 4500
003 GCL
008 140319s9999 xx 000 0 eng d
040 _aGCL /
_cGCL
082 0 4 _a615.076
_bD M
100 1 _aD'MELLO, A.
245 1 0 _aMULTIPLE CHOICE QUESTIONS IN PHARMACOLOGY: WITH ANSWERS AND EXPLANATORY COMMENTS, 2ND ED. /
_cD'MELLO, A.
700 1 _aKRUK, Z. L.
260 _a[S.N] :
_bEDWARD ARNOLD ،
_c1991
300 _a95 P
650 0 4 _aPHARMACOLOGY
942 _2ddc
_cBK
999 _c21454
_d21454